(Record no. 7130)
[ view plain ]
| 000 -LEADER | |
|---|---|
| fixed length control field | 00276nam a2200097Ia 4500 |
| 008 - FIXED-LENGTH DATA ELEMENTS--GENERAL INFORMATION | |
| fixed length control field | 151021s9999 xx 000 0 und d |
| 050 ## - LIBRARY OF CONGRESS CALL NUMBER | |
| Classification number | LC 3988 .K4K57 |
| 260 ## - PUBLICATION, DISTRIBUTION, ETC. (IMPRINT) | |
| Place of publication, distribution, etc. | Nairobi Kenya Istitute of Special Education 2002 |
| 300 ## - PHYSICAL DESCRIPTION | |
| Extent | ix,97p;ill; |
| 980 ## - EQUIVALENCE OR CROSS-REFERENCE-SERIES STATEMENT--PERSONAL NAME/TITLE [LOCAL, CANADA] | |
| Personal name | ^d20110421 04:27:42^okorir |
No items available.